000 00501nam a22001697a 4500
005 20251108170847.0
008 250721s1997 xx 000 0 ara d
082 1 4 _a135.3/محم
100 1 _aغرث، محمد عارف أبو غداء
245 1 0 _aتفسير الأحلام بالقرآن /
264 _bدار ماري للطباعة و التوزيع،
_c1997.
300 _a407ص
650 1 7 _aالأحلام
650 1 7 _aالقرآن الكريم
942 _2ddc
_cBK
999 _c50707
_d50707